BASIC ACCOUNTING (Record no. 216937)

MARC details
000 -LEADER
fixed length control field 00513nam a22001937a 4500
008 - FIXED-LENGTH DATA ELEMENTS--GENERAL INFORMATION
fixed length control field 260414b |||||||| |||| 00| 0 eng d
020 ## - INTERNATIONAL STANDARD BOOK NUMBER
International Standard Book Number 978-81-203-5229-2
050 ## - LIBRARY OF CONGRESS CALL NUMBER
Classification number HF 5635 .S64 2023
100 ## - MAIN ENTRY--PERSONAL NAME
Personal name SOFAT, RAJNI
245 ## - TITLE STATEMENT
Title BASIC ACCOUNTING
250 ## - EDITION STATEMENT
Edition statement 3RD
260 ## - PUBLICATION, DISTRIBUTION, ETC.
Place of publication, distribution, etc. DELHI,
Name of publisher, distributor, etc. PHI LEARNING PRIVATED LIMITED,
Date of publication, distribution, etc. 2023
300 ## - PHYSICAL DESCRIPTION
Extent XIX, 695 P, ILL.
500 ## - GENERAL NOTE
General note INCLUDES BIBLIOGRAPHY AND INDEXS
650 ## - SUBJECT ADDED ENTRY
Topical term or geographic name entry element ACCOUNTING
700 ## - ADDED ENTRY--PERSONAL NAME
Personal name HIRO, PREETI.
942 ## - ADDED ENTRY ELEMENTS (KOHA)
Source of classification or shelving scheme Library of Congress Classification
Koha item type Long Loan Book
Holdings
Withdrawn status Lost status Source of classification or shelving scheme Damaged status Not for loan Collection Home library Current library Shelving location Date acquired Inventory number Total checkouts Full call number Barcode Date last seen Copy number Price effective from Koha item type
    Library of Congress Classification     Business & Economics Kisii University Library Kisii University Library On Display 04/14/2026 112750   HF 5635 .S64 2023 a000999 04/14/2026 1 04/14/2026 Long Loan Book
    Library of Congress Classification     Business & Economics Kisii University Library Kisii University Library On Display 04/14/2026 112751   HF 5635 .S64 2023 a001002 04/14/2026 2 04/14/2026 Long Loan Book
    Library of Congress Classification     Business & Economics Kisii University Library Kisii University Library On Display 04/14/2026 112752   HF 5635 .S64 2023 a001000 04/14/2026 3 04/14/2026 Long Loan Book
    Library of Congress Classification     Science & Technology Kisii University Library Kisii University Library On Display 04/14/2026 112753   HF 5635 .S64 2023 a001252 04/14/2026 4 04/14/2026 Long Loan Book